|
|
|
|
| LEADER |
00000nam1a2200000 4500 |
| 001 |
294838 |
| 005 |
20231102000738.0 |
| 020 |
|
|
|a RU
|b 84-27310
|
| 035 |
|
|
|a (RuTPU)RU\TPU\book\319912
|
| 090 |
|
|
|a 294838
|
| 100 |
|
|
|a 20150518d1984 m y0rusy5003 ca
|
| 101 |
0 |
|
|a rus
|
| 200 |
1 |
|
|a Полевые транзисторы
|f Л. Н. Бочаров
|
| 205 |
|
|
|a 2-е изд., перераб. и доп.
|
| 210 |
|
|
|a Москва
|c Радио и связь
|d 1984
|
| 215 |
|
|
|a 80 с.
|c ил.
|
| 225 |
1 |
|
|a Массовая радиобиблиотека
|v Вып. 1075
|
| 320 |
|
|
|a Библиогр.: с. 79
|
| 606 |
1 |
|
|a Триоды полупроводниковые полевые
|2 stltpush
|3 (RuTPU)RU\TPU\subj\61643
|9 78825
|
| 610 |
1 |
|
|a полупроводники
|
| 610 |
1 |
|
|a физика
|
| 610 |
1 |
|
|a контактные явления
|
| 610 |
1 |
|
|a полевые транзисторы
|
| 610 |
1 |
|
|a промышленные образцы
|
| 610 |
1 |
|
|a усилительные схемы
|
| 610 |
1 |
|
|a логические элементы
|
| 675 |
|
|
|a 621.382.323
|z rus
|v 3
|
| 700 |
|
1 |
|a Бочаров
|b Л. Н.
|g Лев Николаевич
|4 070
|
| 801 |
|
0 |
|a RU
|b RuMRKP
|c 19950704
|g psbo
|
| 801 |
|
1 |
|a RU
|b 63413507
|c 20150518
|
| 801 |
|
2 |
|a RU
|b 63413507
|c 20181108
|g RCR
|
| 942 |
|
|
|c BK
|